Name every F1 team and driver in 2026 - Statistics

General Stats
  • This quiz has been taken 60 times
  • The average score is 16 of 30
Answer Stats
Hint Answer % Correct
Team McLaren
95%
Team Mercedes
92%
Team Red Bull
92%
Team Ferrari
86%
Team Haas
81%
Team Cadillac
73%
Driver Max Verstappen
73%
Team Racing Bulls
73%
Team Aston Martin
70%
Team Williams
70%
Driver Lewis Hamilton
68%
Team Audi
65%
Driver Charles Leclerc
62%
Driver Lando Norris
57%
Driver Oscar Piastri
54%
Driver George Russell
51%
Driver Sergio Perez
51%
Driver Esteban Ocon
43%
Driver Fernando Alonso
41%
Driver Valtteri Bottas
41%
Driver Liam Lawson
38%
Driver Carlos Sainz
35%
Driver Lance Stroll
35%
Driver Alexander Albon
27%
Driver Nico Hulkenberg
22%
Driver Isack Hadjar
19%
Driver Olliver Bearman
14%
Driver Andrea Kimi Antonelli
11%
Driver Arvid Lindblad
8%
Driver Gabriel Bortoleto
5%
No matching quizzes found
Score Distribution
Percent of People with Each Score
Percentile by Number Answered
Your Score History
You have not taken this quiz